All Cocteau Twins Songs - Statistics

General Stats
  • This quiz has been taken 32 times
    11 since last reset
  • The average score is 27 of 134
Answer Stats
Album # Answer % Correct
Heaven or Las Vegas 5 Heaven or Las Vegas
100%
Heaven or Las Vegas 10 Frou-frou Foxes in Midsummer Fires
80%
Heaven or Las Vegas 2 Pitch the Baby
80%
Blue Bell Knoll 1 Blue Bell Knoll
70%
Treasure 10 Donimo
70%
Treasure 5 Pandora (for Cindy)
70%
Blue Bell Knoll 6 Cico Buff
60%
Heaven or Las Vegas 4 Fifty-fifty Clown
60%
Heaven or Las Vegas 3 Iceblink Luck
60%
Four-Calendar Café 1 Know Who You Are At Every Age
60%
Treasure 2 Lorelei
60%
Treasure 9 Otterly
60%
Four-Calendar Café 9 Summerhead
60%
Aikea-Guinea 1 Aikea-Guinea
50%
Blue Bell Knoll 3 Carolyn's Fingers
50%
Treasure 8 Cicely
50%
Peppermint Pig 1 Peppermint Pig
50%
Treasure 4 Persephone
50%
Head Over Heels 3 Sugar Hiccup
50%
The Spangle Maker 1 The Spangle Maker
50%
Heaven or Las Vegas 8 Wolf in the Breast
50%
Treasure 7 Aloysius
40%
Treasure 6 Amelia
40%
Garlands 1 Blood Bitch
40%
Four-Calendar Café 3 Bluebeard
40%
Heaven or Las Vegas 1 Cherry-coloured Funk
40%
Four-Calendar Café 2 Evangeline
40%
Heaven or Las Vegas 7 Fotzepolitic
40%
Heaven or Las Vegas 6 I Wear Your Ring
40%
Victorialand 1 Lazy Calm
40%
Heaven or Las Vegas 9 Road, River and Rail
40%
The Moon and the Melodies 1 Sea, Swallow Me
40%
Garlands 2 Wax And Wane
40%
Head Over Heels 1 When Mama Was Moth
40%
Treasure 3 Beatrix
30%
Head Over Heels 2 Five Ten Fiftyfold
30%
Treasure 1 Ivo
30%
Love's Easy Tears 1 Love's Easy Tears
30%
Love's Easy Tears 4 Orange Appled
30%
Milk & Kisses 2 Serpentskirt
30%
The Moon and the Melodies 5 She Will Destroy You
30%
Blue Bell Knoll 7 Suckling The Mender
30%
Milk & Kisses 1 Violaine
30%
Blue Bell Knoll 2 Athol-brose
20%
Blue Bell Knoll 10 Ella Megalast Burls Forever
20%
Blue Bell Knoll 4 For Phoebe Still A Baby
20%
Garlands 7 Garlands
20%
The Moon and the Melodies 2 Memory Gongs
20%
Head Over Heels 8 Multifoiled
20%
The Moon and the Melodies 8 Ooze Out And Away, Onehow
20%
The Spangle Maker 2 Pearly-Dewdrops' Drops
20%
Milk & Kisses 6 Rilkean Heart
20%
Blue Bell Knoll 8 Spooning Good Singing Gum
20%
Four-Calendar Café 6 Squeeze-Wax
20%
Four-Calendar Café 4 Theft, And Wandering Around Lost
20%
Blue Bell Knoll 9 A Kissed Out Red Floatboat
10%
Other Alice
10%
Other Because of Whirl-Jack
10%
Garlands 4 Blind Dumb Deaf
10%
Milk & Kisses 5 Calfskin Smack
10%
Other Dials
10%
Milk & Kisses 8 Eperdu
10%
The Moon and the Melodies 4 Eyes Are Mosaics
10%
Victorialand 7 Feet-like Fins
10%
Snow 2 Frosty the Snowman
10%
Other High Monkey Monk
10%
Other Hitherto
10%
Victorialand 8 How To Bring A Blush To The Snow
10%
Head Over Heels 4 In Our Angelhood
10%
Head Over Heels 6 In The Gold Dust Rush
10%
Aikea-Guinea 2 Kookaburra
10%
Victorialand 6 Little Spacey
10%
Other Millimillenary
10%
Other Mizake the Mizan
10%
Head Over Heels 10 Musette And Drums
10%
Four-Calendar Café 5 Oil Of Angels
10%
The Spangle Maker 3 Pepper-Tree
10%
Tiny Dynamine 1 Pink Orange Red
10%
Four-Calendar Café 10 Pur
10%
Aikea-Guinea 3 Quisquose
10%
Aikea-Guinea 4 Rococo
10%
Milk & Kisses 10 Seekers Who Are Lovers
10%
Love's Easy Tears 3 Sigh's Smell of Farewell
10%
Tiny Dynamine 4 Sultitan Itan
10%
The Moon and the Melodies 6 The Ghost Has No Home
10%
Blue Bell Knoll 5 The Itchy Glowbo Blow
10%
Victorialand 9 The Thinner The Air
10%
Love's Easy Tears 2 Those Eyes, That Mouth
10%
Victorialand 3 Throughout The Dark Months Of April And May
10%
Milk & Kisses 9 Treasure Hiding
10%
Milk & Kisses 7 Ups
10%
Other Watchlar
10%
Victorialand 4 Whales Tails
10%
Snow 1 Winter Wonderland
10%
Lullabies 2 Alas Dies Laughing
0%
Other An Elan
0%
The Moon and the Melodies 7 Bloody And Blunt
0%
Garlands 3 But I'm Not
0%
Other Circling Girl
0%
Other Crushed
0%
Echoes In A Shallow Bay 4 Eggs and Their Shells
0%
Four-Calendar Café 8 Essence
0%
Lullabies 1 Feathers Oar-Blades
0%
Other Flock Of Soul
0%
Victorialand 2 Fluffy Tufts
0%
Other From the Flagstones
0%
Head Over Heels 5 Glass Candle Grenades
0%
Other Golden-Vein
0%
Garlands 8 Grail Overfloweth
0%
Echoes In A Shallow Bay 1 Great Spangled Fritillary
0%
Milk & Kisses 4 Half-Gifts
0%
Peppermint Pig 3 Hazel
0%
Other Ice-Pulse
0%
Lullabies 3 It's All But An Ark Lark
0%
Peppermint Pig 2 Laughlines
0%
Echoes In A Shallow Bay 2 Melonella
0%
Other Mud And Dark
0%
Head Over Heels 9 My Love Paramour
0%
Four-Calendar Café 7 My Truth
0%
Victorialand 5 Oomingmak
0%
Echoes In A Shallow Bay 3 Pale Clouded White
0%
Tiny Dynamine 3 Plain Tiger
0%
Other Primitive Heart
0%
Tiny Dynamine 2 Ribbed and Veined
0%
Other Round
0%
Garlands 5 Shallow Then Halo
0%
Other Smile
0%
Other Summer-Blink
0%
Garlands 6 The Hollow Men
0%
Head Over Heels 7 The Tinderbox (of A Heart)
0%
Other Three-Swept
0%
Milk & Kisses 3 Tishbite
0%
Other Tranquil Eye
0%
The Moon and the Melodies 3 Why Do You Love Me?
0%
No matching quizzes found
Score Distribution
Percent of People with Each Score
Percentile by Number Answered
Your Score History
You have not taken this quiz since the last reset